00237nam a2200097Ia 4500100002500000654001300025245004200038260003700080082001000117546001200127 aNorton/P./ Socha/J.  aComputer aAssembly Language book for the IBM PC bPrentice HallaNew Delhic1993 a5.136 aENGLISH